000 00452nam a2200181Ia 4500
001 2552
005 20260306144815.0
008 260306t2007||||xx |||||||||||||| ||spa||
041 _aESP
082 _a616.89142
_bC28
100 _aCaro Gabalda, Isabel
_eAUT
245 0 _aManual teórico-práctico de psicoterapias cognitivas
260 _c2007
300 _a446 páginas :
_c21 cm.
650 _aGEN
654 _aCPS
942 _cLIB
_dJUS
_fJUS
_2ddc
_n
999 _c2552
_d2552